000 00862nam a2200229 a 4500
001 56322
003 BD-RjUL
005 20211209080400.0
008 161128s1971 ii ||||| |||| 00| 0 ben d
020 _c: IRs 10.00
035 _a(BD-RjUL)56446
040 _aBD-RjUL
_bben
_cBD-RjUL
041 _aben
082 _223
_a891.441
_bMUB 1971
100 _aমুখোপাধ্যায়, হরেকৃষ্ণ
_9167591
245 1 0 _aবাঙ্গালার কীর্তন ও কীর্তনীয়া /
_cহরেকৃষ্ণ মুখোপাধ্যায়
260 _aকলিকাতা :
_bসাহিত্য সংসদ,
_c১৯৭১
300 _a২৭৭ পৃ. ;
_c২১ সেমি .
650 _aবাংলা কবিতা
_9167592
650 _aBengali Poetry
_9167593
942 _2ddc
_cBK
999 _c56322
_d56322